[Event "Rubinstein mem"]
[Site "Polanica Zdroj"]
[Date "1985.??.??"]
[Round "12"]
[White "Cvitan, Ognjen"]
[Black "Bany, Jerzy"]
[Result "1/2-1/2"]
[WhiteElo "2465"]
[BlackElo "2435"]

1.Nf3 d5 2.c4 c6 3.e3 Nf6 4.Nc3 e6 5.d4 Nbd7 6.Qc2 Bd6 7.b3 O-O 8.Be2 Re8
9.O-O dxc4 10.bxc4 e5 11.Bb2 Qe7 12.Rfe1 e4 13.Nd2 Nf8 14.f3 exf3 15.Bxf3 c5
16.Nb5 Bb8 17.Ba3 Ne6 18.Ne4 Nxe4 19.Qxe4 a6 20.Nc3 Qc7 21.Qh4 Qa5 22.Bb2 h6
23.Ne4 cxd4 24.exd4 Bd7 25.Rab1 Qxa2 26.c5 Nf4 27.Nc3 Rxe1+ 28.Qxe1 Qc4 29.Bxb7 Qxd4+
30.Kh1 Ra7 31.Ne4 Qd3 32.Nf2 Qg6 33.Be4 Bf5 34.Bxg7 Kxg7 35.Rxb8 Bxe4 36.Qxe4 Qxe4
37.Nxe4 Re7 38.g3 Rxe4 39.gxf4 Rxf4 40.c6 Rc4 41.Rb6 a5 42.Ra6 a4 43.Kg2 a3
44.Rxa3 Rxc6 45.Ra7 Kg6 46.Rb7 f6 47.Ra7 Rc5 48.Kg3 Rc3+ 49.Kg4 Re3 50.Ra8 h5+
51.Kf4 Re2 52.h3 Rf2+ 53.Kg3 Rb2 54.Ra3 Rd2 55.Rb3 Rd1 56.Ra3 Re1 57.Rb3 Kf5
58.Ra3 Re5 59.Rb3 Rd5 60.Ra3 Ke4 61.Ra4+ Ke5 62.Ra3 Ke4 63.Ra4+ Rd4 64.Ra8 Rd3+
65.Kg2 f5 66.Ra4+ Rd4 67.Ra2 h4 68.Re2+ Kf4 69.Rf2+ Kg5 70.Ra2 Rd3 71.Ra4 Rd2+
72.Kg1 Re2 73.Rb4 Re4 74.Rb2 Re3 75.Kg2 Rg3+ 76.Kh2 Rd3 77.Kg2 Kf4 78.Rb4+ Ke3
79.Rxh4 f4 80.Rh8 Rd2+ 81.Kg1 Rd1+ 82.Kh2 f3 83.Re8+ Kf2 84.h4 Kf1 85.h5 f2
86.Kg3 Kg1 87.Rf8 f1=Q 88.Rxf1+ Kxf1 89.Kg4 Kg2 90.h6 Rd7 91.Kg5  1/2-1/2

[Event "DSV-Turnier"]
[Site "Potsdam"]
[Date "1985.??.??"]
[Round "1"]
[White "Chekhov, Valery A"]
[Black "Kirov, Nino"]
[Result "1/2-1/2"]
[WhiteElo "2495"]
[BlackElo "2435"]

1.Nf3 d5 2.d4 c6 3.c4 Nf6 4.Nc3 e6 5.e3 Nbd7 6.Bd3 dxc4 7.Bxc4 b5 8.Bd3 a6
9.e4 c5 10.d5 c4 11.Bc2 e5 12.O-O Bd6 13.b3 Qa5 14.Bd2 b4 15.Ne2 c3 16.Bg5 h6
17.Bc1 Qc7 18.a3 Qa5 19.Ng3 g6 20.h4 bxa3 21.h5 Nxh5 22.Nxh5 gxh5 23.Nh4 Nf6
24.Qf3 Ng4 25.Nf5 Bxf5 26.Qxf5 Rg8 27.Qxh5 Rg6 28.Ra2 Ke7 29.g3  1/2-1/2

[Event "Wch U20"]
[Site "Sharjah"]
[Date "1985.??.??"]
[Round "12"]
[White "Borges Mateos, Juan"]
[Black "Kuczynski, Robert"]
[Result "1/2-1/2"]
[WhiteElo "2320"]
[BlackElo "2405"]

1.d4 d5 2.c4 e6 3.Nc3 c6 4.Nf3 Nf6 5.e3 Nbd7 6.Qc2 Bd6 7.b3 O-O 8.Bb2 Re8
9.Be2 dxc4 10.bxc4 e5 11.O-O exd4 12.exd4 Nf8 13.Rad1 Ng6 14.Ne5 Nf4 15.Bf3 Qc7
16.Ne4 Nxe4 17.Bxe4 g6 18.g3 Nh3+ 19.Kh1 f6 20.Bxg6 Rf8 21.c5 Bxe5 22.dxe5 hxg6
23.Qxg6+ Qg7 24.Qxg7+ Kxg7 25.exf6+ Kf7 26.f4 Be6 27.Kg2 Rh8 28.Rfe1 Rae8
29.Rxe6 Rxe6 30.Rd7+ Kg6 31.Be5 Kf5 32.f7 Rxe5 33.fxe5 Ng5 34.Rxb7 Rf8 35.Rc7 Nxf7
36.e6 Ne5 37.e7 Re8 38.Rxa7 Ng6 39.a4 Nxe7 40.a5 Ke6 41.a6 Rd8 42.Rc7 Rd2+
43.Kh3 Ra2 44.a7 Nd5 45.Rxc6+ Ke5 46.Kg4 Rxa7 47.h4 Nf6+ 48.Kh3 Ra3 49.Rc8 Rc3
50.c6 Ke6 51.c7 Kf7 52.h5 Nxh5 53.Rh8 Rxc7 54.Rxh5 Kg6 55.Ra5 Rc4 56.g4 Rc1  1/2-1/2

[Event "Sochi"]
[Site "Sochi"]
[Date "1985.??.??"]
[Round "?"]
[White "Agzamov, Georgy"]
[Black "Vera, Reynaldo"]
[Result "0-1"]
[WhiteElo "2590"]
[BlackElo "2480"]

1.d4 e6 2.c4 Nf6 3.Nf3 d5 4.Nc3 c6 5.e3 Nbd7 6.Bd3 dxc4 7.Bxc4 b5 8.Bd3 a6
9.e4 c5 10.e5 cxd4 11.Nxb5 Nxe5 12.Nxe5 axb5 13.Qf3 Qa5+ 14.Ke2 Bd6 15.Qc6+ Ke7
16.Bd2 b4 17.Qxd6+ Kxd6 18.Nc4+ Kd7 19.Nxa5 Rxa5 20.Bxb4 Re5+ 21.Kf1 Bb7
22.f3 Bc6 23.Rd1 Rb8 24.Ba3 Nd5 25.Kf2 Ne3 26.Rd2 Ra5 27.Re1 Bd5 28.g4 e5
29.Rxe3 dxe3+ 30.Kxe3 g6 31.g5 Ke6 32.Rc2 Rba8 33.Rc3 f5 34.gxf6 Kxf6 35.Bb1 Ra4
36.Rd3 Ke6 37.Rd2 Rf4 38.Rxd5 Kxd5 39.Be4+ Rxe4+ 40.fxe4+ Kc6 41.Kf3 Ra4
42.h4 Kd7 43.Ke3 Ke6 44.Kf3 Kf6 45.Ke3 Ke6 46.Kf3 Ra7 47.Ke3 h5 48.Bb4 Rxa2
49.Bc3 Ra1 50.Kf2 Rh1 51.Kg3 Rg1+ 52.Kf3 Rf1+  0-1

[Event "Taxco Interzonal"]
[Site "Taxco"]
[Date "1985.??.??"]
[Round "9"]
[White "Nogueiras, Jesus"]
[Black "Tal, Mihail"]
[Result "1/2-1/2"]
[WhiteElo "2545"]
[BlackElo "2565"]

1.d4 Nf6 2.Nf3 e6 3.c4 d5 4.Nc3 c6 5.e3 Nbd7 6.Bd3 Bb4 7.O-O O-O 8.a3 Bd6
9.e4 dxc4 10.Bxc4 e5 11.Bg5 Qe7 12.Re1  1/2-1/2

[Event "URS-ch sf"]
[Site "Togliatti"]
[Date "1985.??.??"]
[Round "?"]
[White "Kuzmin, Gennadi P"]
[Black "Filipenko, Alexander V"]
[Result "1/2-1/2"]
[WhiteElo "2520"]
[BlackElo "2370"]

1.d4 d5 2.c4 c6 3.Nf3 Nf6 4.Nc3 e6 5.e3 Nbd7 6.Qc2 Bd6 7.Bd2 O-O 8.O-O-O c5
9.e4 cxd4 10.Nxd4 dxc4 11.Bxc4 a6 12.Bg5 Qa5 13.f4 h6 14.e5 hxg5 15.exd6 gxf4
16.Rhe1 Nb6 17.Bb3 Bd7 18.Nf3 Rac8 19.Kb1 Nc4 20.Bxc4 Rxc4 21.Qd2 Qf5+ 22.Ka1 Ng4
23.Rc1 Rfc8 24.h3 Ne3 25.g3 e5 26.Nxe5 Qxe5 27.gxf4 Qxf4 28.Rxe3 Rd4 29.Qe1 Qxd6
30.Qg1 Bf5 31.h4 Rxh4 32.Rd1 Rg4 33.Qxg4  1/2-1/2

[Event "Tirnavia-B"]
[Site "Trnava"]
[Date "1985.??.??"]
[Round "6"]
[White "Cervenka, Imrich"]
[Black "Bany, Jerzy"]
[Result "1/2-1/2"]
[WhiteElo "2310"]
[BlackElo "2435"]

1.d4 d5 2.c4 c6 3.Nf3 Nf6 4.Nc3 e6 5.e3 Nbd7 6.Bd3 dxc4 7.Bxc4 b5 8.Bb3 b4
9.Ne2 Bb7 10.O-O Bd6 11.Bc2 c5 12.Ng3 O-O 13.Re1 Qb6 14.b3 cxd4 15.exd4 Rac8
16.Bb2 Rfd8 17.Bd3 Nf8 18.Rc1 Rxc1 19.Qxc1 Ng6 20.Ne4 Nxe4 21.Bxe4 Bxe4 22.Rxe4 Qa6
23.Qb1 Rc8 24.g3 Qc6 25.Nd2 h5 26.Re1 h4 27.Qe4 Qxe4 28.Rxe4 Rc6 29.Re1 Be7
30.Nc4 Bf6 31.Rd1 Rc7 32.Kg2 hxg3 33.hxg3 Ne7 34.a3 Nc6 35.axb4 Nxb4 36.Ba3 Nc2
37.Bc5 Rd7 38.Rd2 Nxd4 39.Na5 e5 40.Bxd4 exd4 41.Rd3 Rc7 42.Nc4 g6 43.Kf3 Bg7
44.g4 Rc5 45.Ke4 a5 46.f4 f5+ 47.gxf5 gxf5+ 48.Kf3 a4 49.Na3 axb3 50.Rxb3 Rc3+
51.Rxc3 dxc3 52.Ke3 Kf7 53.Kd3 Ke6 54.Nc2 Kf7 55.Ne3 Ke6 56.Kc4 Kf7 57.Kd3 Kg6
58.Kc4  1/2-1/2

[Event "Vrnjacka Banja"]
[Site "Vrnjacka Banja"]
[Date "1985.??.??"]
[Round "?"]
[White "Sahovic, Dragutin"]
[Black "Lukacs, Peter"]
[Result "1/2-1/2"]
[WhiteElo "2460"]
[BlackElo "2470"]

1.d4 d5 2.c4 e6 3.Nc3 c6 4.e3 Nf6 5.Nf3 Nbd7 6.Bd3 dxc4 7.Bxc4 b5 8.Bd3 a6
9.e4 c5 10.e5 cxd4 11.Nxb5 Nxe5 12.Nxe5 axb5 13.Bxb5+ Bd7 14.Bxd7+ Nxd7 15.Nxd7  1/2-1/2

[Event "Zagreb"]
[Site "Zagreb"]
[Date "1985.??.??"]
[Round "?"]
[White "Smejkal, Jan"]
[Black "Cvitan, Ognjen"]
[Result "1/2-1/2"]
[WhiteElo "2555"]
[BlackElo "2465"]

1.Nf3 Nf6 2.c4 e6 3.Nc3 d5 4.d4 c6 5.e3 Nbd7 6.a3 Bd6 7.Be2 O-O 8.O-O Qe7
9.Qc2 dxc4 10.Bxc4 e5 11.h3 b5 12.Bd3 Bb7 13.Ne4 Nxe4 14.Bxe4 Nf6 15.dxe5 Nxe4
16.exd6 Nxd6 17.Nd4 Qg5 18.e4 Qe5 19.Nxc6 Qe8 20.Na5 Qxe4 21.Qxe4 Bxe4  1/2-1/2

[Event "Baku"]
[Site "Baku"]
[Date "1986.??.??"]
[Round "?"]
[White "Van der Sterren, Paul"]
[Black "Bagirov, Vladimir"]
[Result "1/2-1/2"]
[WhiteElo "2470"]
[BlackElo "2485"]

1.d4 d5 2.c4 e6 3.Nc3 c6 4.Nf3 Nf6 5.e3 Nbd7 6.Bd3 dxc4 7.Bxc4 b5 8.Bd3 a6
9.e4 c5 10.d5 e5 11.b3 Bd6 12.O-O O-O 13.a4 c4 14.bxc4 b4 15.Ne2 Nc5 16.Ng3 Qc7
17.Be3 a5 18.Bxc5 Bxc5 19.Nd2 g6 20.Nb3 Nd7 21.Qd2 Bd6 22.Ne2 Nc5 23.Nxc5 Bxc5
24.Nc1 f5 25.exf5 Bxf5 26.Bxf5 Rxf5 27.Nb3 Raf8 28.d6 Bxd6 29.Qd5+ R8f7 30.Rad1 Bf8
31.g3 h5 32.h4 Kh7 33.Kg2 e4 34.Qxe4 Re7 35.Qa8 Qxc4 36.Nd4 Qd5+ 37.Qxd5 Rxd5
38.Nb3 Red7 39.Rxd5 Rxd5 40.Rc1  1/2-1/2

[Event "Basel m"]
[Site "Basel"]
[Date "1986.??.??"]
[Round "4"]
[White "Miles, Anthony J"]
[Black "Kasparov, Gary"]
[Result "1/2-1/2"]
[WhiteElo "2610"]
[BlackElo "2720"]

1.d4 d5 2.c4 c6 3.Nc3 Nf6 4.e3 e6 5.Nf3 Nbd7 6.Bd3 dxc4 7.Bxc4 b5 8.Bd3 a6
9.e4 c5 10.e5 cxd4 11.Nxb5 Ng4 12.Nbxd4 Bb4+ 13.Bd2 Bxd2+ 14.Qxd2 Bb7 15.Rd1 O-O
16.O-O Ngxe5 17.Be2 Qb6 18.b3 Nxf3+ 19.Bxf3 Nf6 20.Bxb7 Qxb7 21.Nc2 a5 22.Ne3 Rfb8
23.Qb2 Qc7  1/2-1/2

[Event "Biel op"]
[Site "Biel"]
[Date "1986.??.??"]
[Round "?"]
[White "Groszpeter, Attila"]
[Black "Kaenel, Hansjuerg"]
[Result "1-0"]
[WhiteElo "2470"]
[BlackElo "2270"]

1.d4 Nf6 2.Nf3 e6 3.c4 d5 4.Nc3 c6 5.e3 Nbd7 6.Bd3 dxc4 7.Bxc4 b5 8.Bd3 Bb7
9.O-O a6 10.e4 b4 11.Na4 c5 12.e5 Nd5 13.Ng5 Be7 14.Qh5 g6 15.Qh6 Bf8 16.Nxe6 Bxh6
17.Nxd8 Rxd8 18.Bxh6 cxd4 19.Rac1 N5b6 20.Nxb6 Nxb6 21.Rc7 Rd7 22.Rfc1 Ke7
23.Bg5+ Ke8 24.Bf6 Rf8 25.Rxb7 Rxb7 26.Bxa6 Rd7 27.Bb5 d3 28.Rc7  1-0

[Event "FRG-ch qual"]
[Site "Brilon"]
[Date "1986.??.??"]
[Round "?"]
[White "Muse, Mladen"]
[Black "Buecker, Peter"]
[Result "1/2-1/2"]
[WhiteElo "2425"]
[BlackElo "2310"]

1.d4 d5 2.c4 e6 3.Nf3 Nf6 4.Nc3 c6 5.e3 Nbd7 6.Bd3 dxc4 7.Bxc4 b5 8.Bd3 Bb7
9.e4 b4 10.Na4 c5 11.e5 Nd5 12.Nxc5 Nxc5 13.dxc5 Bxc5 14.O-O h6 15.Bb5+ Ke7
16.Qe2 Qb6 17.Bd2 Rhd8  1/2-1/2

[Event "OHRA-B"]
[Site "Brussels"]
[Date "1986.??.??"]
[Round "?"]
[White "Kouatly, Bachar"]
[Black "Iclicki, Willy"]
[Result "1-0"]
[WhiteElo "2430"]
[BlackElo "2200"]

1.d4 d5 2.Nf3 Nf6 3.c4 c6 4.e3 e6 5.Nc3 Nbd7 6.Bd3 dxc4 7.Bxc4 b5 8.Bd3 a6
9.e4 c5 10.e5 cxd4 11.Nxb5 Nxe5 12.Nxe5 axb5 13.O-O Qd5 14.Qe2 Ba6 15.Bg5 Be7
16.f4 O-O 17.Rf3 Bb7 18.Rg3 g6 19.h4 Bd8 20.Re1 Rxa2 21.h5 Ba5 22.Bxf6 Bxe1
23.hxg6 fxg6 24.Bxg6 Rxf6 25.Bf7+ Kf8 26.Rg8+ Ke7 27.Re8+ Kd6 28.Rd8+ Ke7
29.Rxd5 Bxd5 30.Qxe1 Rxf4 31.Qc1 Rxf7 32.Qc7+ Kf6 33.Nxf7 Rxb2 34.g3 b4 35.Ne5 Rb1+
36.Kf2 Rb2+ 37.Ke1 Rb1+ 38.Kd2 Rf1 39.Qf7+  1-0

[Event "OHRA-A"]
[Site "Brussels"]
[Date "1986.??.??"]
[Round "?"]
[White "Kortschnoj, Viktor"]
[Black "Huebner, Robert"]
[Result "1-0"]
[WhiteElo "2650"]
[BlackElo "2620"]

1.Nf3 d5 2.c4 c6 3.e3 Nf6 4.Nc3 e6 5.d4 Nbd7 6.Bd3 Bb4 7.a3 Ba5 8.O-O O-O
9.Qc2 Qe7 10.cxd5 exd5 11.Bd2 Qd8 12.Ne2 Bb6 13.Ng3 Re8 14.b4 a6 15.Bc3 Nf8
16.Rae1 Be6 17.Ne5 N6d7 18.f4 f6 19.Nf3 Bc7 20.Nd2 Nb6 21.Ba1 Bf7 22.Nf5 Kh8
23.a4 Nc8 24.Nb3 Nd6 25.a5 Nxf5 26.Bxf5 Bd6 27.Bc3 Bg6 28.Bxg6 Nxg6 29.f5 Nf8
30.e4 Qc7 31.e5 fxe5 32.dxe5 Bxe5 33.Rxe5 Rxe5 34.f6 gxf6 35.Rxf6 Kg8 36.Qf2 Rae8
37.Rxf8+ Rxf8 38.Qg3+ Qg7 39.Qxg7+ Kxg7 40.Bxe5+ Kg6 41.Nc5 Re8 42.Bd4 Re2
43.Nxb7 Rd2 44.Be3 Rb2 45.Bc5 Kf5 46.Nd8 d4 47.Bxd4 Rxb4 48.Bb6 Rc4 49.Nb7 Kf4
50.Nc5 Rc1+ 51.Kf2 Rc2+ 52.Ke1 Rc1+ 53.Ke2 Rc2+ 54.Kd3 Rxg2 55.Nxa6 Ke5 56.Nc7 Rxh2
57.a6 Ra2 58.a7 Ra3+ 59.Ke2 Ra2+ 60.Kf3 Ra3+ 61.Be3 c5 62.a8=Q Rxa8 63.Nxa8 c4
64.Nc7  1-0

[Event "Budapest Spring op"]
[Site "Budapest"]
[Date "1986.??.??"]
[Round "?"]
[White "Boensch, Uwe"]
[Black "Pinter, Jozsef"]
[Result "1-0"]
[WhiteElo "2475"]
[BlackElo "2555"]

1.d4 Nf6 2.c4 e6 3.Nf3 d5 4.Nc3 c6 5.e3 Nbd7 6.Bd3 dxc4 7.Bxc4 b5 8.Be2 Bb7
9.a3 a6 10.b4 a5 11.Rb1 axb4 12.axb4 Nd5 13.Nxd5 exd5 14.Ne5 Ra4 15.O-O Bd6
16.f4 O-O 17.Bd3 Nf6 18.Qc2 Qb6 19.Bd2 Rfa8 20.Rfc1 Ra2 21.Rb2 Ra1 22.Rbb1 R1a2
23.Rb2 Rxb2 24.Qxb2 g6 25.Be1 Ra4 26.Bc2 Ra6 27.Bh4 Ne8 28.Qc3 Qa7 29.f5 Ng7
30.f6 Bxe5 31.dxe5 Ne6 32.Bf2 Ra2 33.h4 h5 34.Bb3 Nf4 35.Re1 Ne2+ 36.Rxe2 Rxe2
37.e6 Bc8 38.e7 Bd7 39.Kf1 Ra2 40.Bxa2 Qxa2 41.Qe5 Qb1+ 42.Be1 Qf5+ 43.Qxf5 gxf5
44.Bc3 Kh7 45.Kf2 f4 46.exf4 Kg6 47.Be5 Kf5 48.Ke3 c5 49.bxc5 Bc6 50.Kd4 Ke6
51.f5+ Kxf5 52.e8=Q Bxe8 53.Kxd5 b4 54.Bb2 Kg4 55.Kd6 Bb5 56.c6 Kxh4 57.c7 Ba6
58.Ke7 Kg3 59.Kxf7 Kxg2 60.Ke7 h4 61.f7 h3 62.Be5  1-0

[Event "Budapest Spring op"]
[Site "Budapest"]
[Date "1986.??.??"]
[Round "?"]
[White "Horvath, Gyula"]
[Black "Szabolcsi, Janos"]
[Result "1-0"]
[WhiteElo "2360"]
[BlackElo "2335"]

1.Nf3 Nf6 2.c4 c6 3.d4 d5 4.Nc3 e6 5.e3 Nbd7 6.Qc2 Bd6 7.e4 dxe4 8.Nxe4 Nxe4
9.Qxe4 Bb4+ 10.Bd2 Bxd2+ 11.Nxd2 Qa5 12.Bd3 c5 13.a3 Qb6 14.b4 cxd4 15.c5 Qc7
16.Nc4 Nf6 17.Qxd4 O-O 18.Qd6 Qxd6 19.Nxd6 Rd8 20.O-O-O Kf8 21.Be2 Ne8 22.Nc4 Ke7
23.Bf3 Rb8 24.Na5 Nc7 25.Rxd8 Kxd8 26.Rd1+ Ke7 27.Kb2 f5 28.Nc4 Bd7 29.Kb3 Be8
30.a4 b5 31.cxb6 axb6 32.b5 Bf7 33.Kb4 g6 34.Rd6 Nd5+ 35.Bxd5 exd5 36.Rxb6  1-0

[Event "Capablanca mem-A"]
[Site "Cienfuegos"]
[Date "1986.??.??"]
[Round "3"]
[White "Boensch, Uwe"]
[Black "Nogueiras, Jesus"]
[Result "1/2-1/2"]
[WhiteElo "2475"]
[BlackElo "2570"]

1.d4 d5 2.c4 e6 3.Nc3 Nf6 4.e3 c6 5.Nf3 Nbd7 6.Bd3 dxc4 7.Bxc4 b5 8.Be2 Bb7
9.a3 b4 10.Na4 bxa3 11.bxa3 Be7 12.O-O O-O 13.Bb2 c5 14.Rc1 Rc8 15.dxc5 Nxc5
16.Bd4 Qa5 17.Nxc5 Bxc5 18.Bxc5  1/2-1/2

[Event "Copenhagen op"]
[Site "Copenhagen"]
[Date "1986.??.??"]
[Round "10"]
[White "Heyken, Enno"]
[Black "Sorensen, Bent"]
[Result "1/2-1/2"]
[WhiteElo "2350"]
[BlackElo "2295"]

1.c4 e6 2.d4 d5 3.Nc3 c6 4.e3 Nf6 5.Nf3 Nbd7 6.Qc2 Bd6 7.b3 O-O 8.Bb2 Qe7
9.O-O-O b6 10.e4 dxe4 11.Nxe4 Ba3 12.Bd3 Bb7 13.Rhe1 a5 14.Kb1 a4 15.Ne5  1/2-1/2

[Event "Delmenhorst"]
[Site "Delmenhorst"]
[Date "1986.??.??"]
[Round "?"]
[White "Schlemmermeyer, Wilhelm"]
[Black "Hermann, Manfred"]
[Result "1/2-1/2"]
[WhiteElo "2210"]
[BlackElo "2360"]

1.c4 c6 2.Nc3 d5 3.d4 Nf6 4.e3 e6 5.Nf3 Nbd7 6.Bd3 dxc4 7.Bxc4 b5 8.Be2 Bb7
9.O-O Be7 10.a3 a5 11.b3 O-O 12.Bb2 Qb8 13.Qc2 Rc8 14.Rfc1 c5 15.Qd1 c4 16.bxc4 bxc4
17.Rab1 Ra6 18.Nd2 Qa8 19.Qf1 Nb6 20.f3 Nfd5 21.Kf2  1/2-1/2

[Event "Elenite op"]
[Site "Elenite"]
[Date "1986.??.??"]
[Round "?"]
[White "Toshkov, Tihomir"]
[Black "Dolmadjan, Arshak"]
[Result "1-0"]
[WhiteElo "2430"]
[BlackElo "2340"]

1.d4 d5 2.c4 c6 3.Nc3 Nf6 4.e3 e6 5.Nf3 Nbd7 6.Bd3 dxc4 7.Bxc4 b5 8.Bd3 a6
9.e4 c5 10.e5 cxd4 11.Nxb5 Nxe5 12.Nxe5 axb5 13.O-O Qd5 14.Qe2 Rb8 15.Bg5 h6
16.Bh4 Bd6 17.f4 g5 18.Bg3 gxf4 19.Bxf4 Rg8 20.Rf2 Rb6 21.a4 Bxe5 22.Qxe5 Qxe5
23.Bxe5 Ng4 24.Bxd4 Nxf2 25.Bxf2 Rb8 26.a5 Ba6 27.Rc1 Rg5 28.Be3 Kd7 29.Bxg5 hxg5
30.Rc5 f6 31.h3 Kd6 32.b4 g4 33.hxg4 Rg8 34.Bxb5 Bb7 35.Be2 Bd5 36.a6 Rb8
37.a7 Re8 38.Bf3 Ra8 39.Ra5 Kc6 40.Kf2  1-0

[Event "Bundesliga 8586"]
[Site "Germany"]
[Date "1986.??.??"]
[Round "?"]
[White "Treppner, Gerd"]
[Black "Schmidt, Bodo"]
[Result "1-0"]
[WhiteElo "2305"]
[BlackElo "2340"]

1.d4 d5 2.c4 c6 3.Nc3 Nf6 4.e3 e6 5.Nf3 Nbd7 6.Qc2 Bd6 7.b3 O-O 8.Be2 Re8
9.O-O e5 10.cxd5 cxd5 11.Nb5 Bb8 12.dxe5 Nxe5 13.Bb2 Nfg4 14.Nxe5 Nxe5 15.Rac1 Nc6
16.Nd4 Ne5 17.Qc3 f6 18.Bb5 Bd7 19.Rfd1 Bd6 20.Bxd7 Qxd7 21.Qa5 Bb8 22.Ne2 Ng4
23.g3 Be5 24.Bxe5 Rxe5 25.Nf4 Rae8 26.Rxd5 Qf5 27.Qb5 Kf8 28.Qd7 Rxd5 29.Qxd5 Qxd5
30.Nxd5 Rd8 31.e4 f5 32.f3 Ne5 33.Kg2 g5 34.Rd1 fxe4 35.fxe4 Rc8 36.Rf1+ Kg7
37.Ne7 Rc2+ 38.Rf2 Rxf2+ 39.Kxf2 Nd3+ 40.Ke3 Nc1 41.Kd2 Nxa2 42.Nd5 a5 43.Kc2 b6
44.Kb2 Nb4 45.Nxb4 axb4 46.Kc2 Kf6 47.Kd3 Ke5 48.Ke3 Ke6 49.Kd4 Kd6 50.g4 h6
51.h3  1-0

[Event "Bundesliga 8586"]
[Site "Germany"]
[Date "1986.??.??"]
[Round "?"]
[White "Sonntag, Hans Hubert"]
[Black "Brueckner, Thomas"]
[Result "1/2-1/2"]
[WhiteElo "2295"]
[BlackElo "2265"]

1.d4 d5 2.Nf3 Nf6 3.c4 c6 4.Nc3 e6 5.e3 Nbd7 6.Bd3 dxc4 7.Bxc4 b5 8.Bd3 a6
9.O-O c5 10.Qe2 Bb7 11.Rd1 Qb8 12.b3 Bd6 13.h3 O-O  1/2-1/2

[Event "Bundesliga 8586"]
[Site "Germany"]
[Date "1986.??.??"]
[Round "?"]
[White "Meyer, Peter"]
[Black "Nikolac, Juraj"]
[Result "0-1"]
[WhiteElo "2280"]
[BlackElo "2440"]

1.d4 d5 2.c4 e6 3.Nc3 c6 4.Nf3 Nf6 5.e3 Nbd7 6.Bd3 Bb4 7.O-O O-O 8.Qc2 Qe7
9.b3 e5 10.Bf5 e4 11.Nd2 Nb6 12.Bxc8 Raxc8 13.a3 Bd6 14.Re1 Nbd7 15.Nf1 Qe6
16.Qe2 Rfe8 17.c5 Bc7 18.b4 h5 19.Rb1 a6 20.a4 Nf8 21.Bd2 Ng6 22.b5 axb5
23.axb5 Nh4 24.Ng3 g6 25.Ra1 Nh7 26.Kh1 Nxg2 27.Kxg2 h4 28.b6 Bb8 29.Rg1 hxg3
30.fxg3 Ng5 31.Kh1 Kg7 32.Rg2 Rh8 33.Be1 Nf3 34.Ra2 Rh3 35.Qf2 Rch8 36.Ne2 Rxh2+
37.Rxh2 Rxh2+ 38.Qxh2 Nxh2 39.Kxh2 Qg4 40.Ng1 Qd1 41.Bf2 Qf1 42.Nh3 Kf6 43.Ra8 g5
44.Bg1 Kf5 45.Rxb8 Kg4 46.Nf2+ Kf3  0-1

[Event "Bundesliga 8586"]
[Site "Germany"]
[Date "1986.??.??"]
[Round "?"]
[White "Meyer, Peter"]
[Black "Budde, Vladimir"]
[Result "1-0"]
[WhiteElo "2280"]
[BlackElo "2345"]

1.d4 Nf6 2.c4 e6 3.Nf3 d5 4.Nc3 c6 5.e3 Bb4 6.a3 Ba5 7.Bd3 Nbd7 8.O-O Qe7
9.b4 Bc7 10.cxd5 cxd5 11.Bb2 O-O 12.Rc1 e5 13.Nb5 Bb8 14.dxe5 Nxe5 15.Nxe5 Bxe5
16.Bxe5 Qxe5 17.Be2 Bd7 18.Qd4 Qxd4 19.Nxd4 Rfc8 20.Bb5 Rxc1 21.Rxc1 Rc8
22.Rxc8+ Bxc8 23.Bd3 Bd7 24.f3 Kf8 25.Kf2 Ke7 26.Ke2 g6 27.Bb5 Bc8 28.Kd2 Kd6
29.Kc3 a6 30.Ba4 Ng8 31.Ne2 Ne7 32.Be8 f6 33.g4 Ke5 34.Kd3 g5 35.f4+ gxf4
36.exf4+ Kd6 37.h3 b6 38.Kd4 a5 39.Nc3 Ba6 40.b5 Bc8 41.Na4 Kc7 42.Bf7 Bb7
43.Nc3 Kd6 44.f5 Ba8 45.Ne2 Nc8 46.Nf4 a4 47.Bxd5 Bxd5 48.Nxd5 Na7 49.Nc3  1-0

[Event "Bundesliga 8586"]
[Site "Germany"]
[Date "1986.??.??"]
[Round "?"]
[White "Lau, Ralf"]
[Black "Zysk, Robert"]
[Result "1/2-1/2"]
[WhiteElo "2465"]
[BlackElo "2390"]

1.Nf3 Nf6 2.d4 d5 3.c4 e6 4.Nc3 c6 5.e3 Bd6 6.Bd3 Nbd7 7.e4 dxe4 8.Nxe4 Nxe4
9.Bxe4 Bb4+ 10.Bd2 Qa5 11.a3 Bxd2+ 12.Qxd2 Qxd2+ 13.Kxd2 c5 14.dxc5 Nxc5
15.Bc2 b6 16.b4 Nd7 17.Be4 Rb8 18.Nd4 Bb7 19.Bxb7 Rxb7 20.Rhc1 Ke7 21.Rc2 Rc8
22.Rac1 Rbc7 23.Nb3  1/2-1/2

[Event "FRG-qual Sued"]
[Site "Germany"]
[Date "1986.??.??"]
[Round "?"]
[White "Sieglen, Joachim"]
[Black "Zude, Arno"]
[Result "1/2-1/2"]
[WhiteElo "2365"]
[BlackElo "2295"]

1.d4 Nf6 2.c4 c6 3.Nc3 d5 4.e3 e6 5.Nf3 Nbd7 6.Qc2 Be7 7.b3 a6 8.Be2 b5 9.O-O O-O
10.e4 b4 11.e5 bxc3 12.exf6 Bxf6 13.cxd5 cxd5 14.Qxc3 Bb7 15.Bf4 Rc8 16.Qb4 Qb6
17.Bd6 Qxb4 18.Bxb4 Rfe8 19.Rac1 g6 20.Rfe1 Bg7 21.Bd3 Bh6 22.Rxc8 Rxc8 23.Ne5 Nb8
24.g3 Bf8 25.Bxf8 Kxf8 26.Kf1 f6 27.Nf3 Ke7 28.h4 a5 29.Ke2 Ba6 30.Kd2 Bxd3
31.Kxd3 Nc6 32.a3 Na7 33.Nd2 Kd6 34.Nb1 Rb8 35.Nd2 e5 36.dxe5+ fxe5 37.Rc1 Nb5
38.Rc2 Rf8 39.Ke3 h6 40.f3 Rb8 41.Kf2 Ra8 42.Nb1 g5 43.hxg5 hxg5 44.Rc1 Rh8
45.Kg2 Nd4 46.Nd2 Rb8 47.Rc3 g4 48.fxg4 e4 49.Kf2 Ke5 50.Ke3 Ne6 51.Rc6 Rh8
52.Nxe4 dxe4 53.Rc4 Rh3  1/2-1/2

[Event "Bundesliga 8586"]
[Site "Germany"]
[Date "1986.??.??"]
[Round "?"]
[White "Dankert, Peter"]
[Black "Brueckner, Thomas"]
[Result "0-1"]
[WhiteElo "2305"]
[BlackElo "2265"]

1.d4 d5 2.Nf3 Nf6 3.c4 e6 4.Nc3 c6 5.e3 Nbd7 6.Qc2 Bd6 7.Be2 O-O 8.O-O dxc4
9.Bxc4 e5 10.Re1 Qe7 11.h3 Bc7 12.Bb3 Kh8 13.Bd2 h6 14.Rac1 e4 15.Nh2 Nb6
16.Nf1 Rd8 17.d5 Qe5 18.dxc6 Bxh3 19.Ne2 Qg5 20.Neg3 Bxg3 21.fxg3 Bc8 22.cxb7 Bxb7
23.Qc7 Bd5 24.Bc3 Bxb3 25.axb3 Nbd5 26.Qxf7 Rf8 27.Bxf6 Nxf6 28.Qc4 Rae8
29.Qc5 Qg6 30.Qxa7 Ng4 31.Nh2 Nf2 32.Re2 Qxg3 33.Qd7 Rd8 34.Qc7 Qxc7 35.Rxc7 Rd1+
36.Nf1 Ng4  0-1

[Event "Bundesliga 8586"]
[Site "Germany"]
[Date "1986.??.??"]
[Round "?"]
[White "Hort, Vlastimil"]
[Black "Sehner, Norbert"]
[Result "0-1"]
[WhiteElo "2545"]
[BlackElo "2320"]

1.d4 d5 2.c4 e6 3.Nc3 c6 4.e3 Nf6 5.Nf3 Nbd7 6.Bd3 dxc4 7.Bxc4 b5 8.Bd3 a6
9.e4 c5 10.d5 c4 11.dxe6 fxe6 12.Bc2 Qc7 13.O-O Bc5 14.Qe2 Ne5 15.Nxe5 Qxe5
16.Be3 Bxe3 17.Qxe3 O-O 18.Rad1 Ng4 19.Qg3 Qxg3 20.hxg3 Ra7 21.Rd2 b4 22.Na4 Rc7
23.Rfd1 a5 24.Rd8 Rxd8 25.Rxd8+ Kf7 26.Nb6 Bb7 27.Rd1 Ke7 28.b3 c3 29.Nc4 Rc5
30.Bd3 Ba6 31.Kf1 a4 32.Ke2 Bxc4 33.Bxc4 Ne5 34.Bd3 axb3 35.axb3 Ra5 36.Bc2 Ra2
37.Rc1 Kd6 38.f4 Nc6 39.Kd3 Kc5 40.Rh1 g6 41.Rxh7 Nd4 42.Rc7+ Kd6 43.Kxd4 Kxc7
44.Kd3 Ra1 45.Kc4 Rc1 46.Bd3 Rd1 47.e5 Rd2 48.Bxg6  0-1

[Event "Bundesliga 8586"]
[Site "Germany"]
[Date "1986.??.??"]
[Round "?"]
[White "Hort, Vlastimil"]
[Black "Herbrechtsmeier, Christof"]
[Result "1-0"]
[WhiteElo "2545"]
[BlackElo "2330"]

1.d4 d5 2.c4 e6 3.Nc3 c6 4.e3 Nf6 5.Nf3 Nbd7 6.Bd3 dxc4 7.Bxc4 b5 8.Bd3 Bb7
9.e4 b4 10.Na4 c5 11.e5 Nd5 12.dxc5 Qa5 13.O-O Bc6 14.Bc2 h6 15.Nd4 Rc8 16.a3 Qc7
17.Qh5 Qxe5 18.Qxe5 Nxe5 19.Re1 Nd7 20.Nxc6 Rxc6 21.Be4 N7f6 22.axb4 Rc7
23.Bd2 Be7 24.Nc3 Nxc3 25.Bxc3 Nxe4 26.Rxe4 Bf6 27.Ra6 Ke7 28.Re1 Rd8 29.Rea1 Rdd7
30.Kf1 Kd8 31.Ke2 Kc8 32.R1a5 Bd4 33.f4 g6 34.g3 h5 35.Rd6 Bg1 36.Kf1 Be3
37.Ke2 Bg1 38.Rxd7 Rxd7 39.h4 Kb7 40.Ra1 Bh2 41.b5 Rd5 42.c6+ Kc8 43.Rxa7 Rxb5
44.Kf2 g5 45.fxg5  1-0

[Event "Bundesliga 8586"]
[Site "Germany"]
[Date "1986.??.??"]
[Round "?"]
[White "Goehring, Karl Heinz"]
[Black "Riedel, Wolfgang"]
[Result "0-1"]
[WhiteElo "2355"]
[BlackElo "2310"]

1.d4 Nf6 2.c4 c6 3.Nc3 d5 4.e3 e6 5.Nf3 Nbd7 6.Bd3 dxc4 7.Bxc4 b5 8.Bd3 a6
9.e4 c5 10.d5 e5 11.O-O c4 12.Bc2 Bd6 13.Rb1 O-O 14.b4 Re8 15.Bd2 Nf8 16.Ne2 Nh5
17.Kh1 Ng6 18.g3 Bh3 19.Re1 Bd7 20.Bc3 Nf6 21.Qd2 h6 22.Neg1 Qe7 23.Red1 Reb8
24.a3 Ne8 25.Ne1 a5 26.Ng2 axb4 27.axb4 Ra2 28.Ne3 Nf6 29.f3 Rba8 30.Ne2 Nf8
31.Nc1 R2a3 32.Ne2 N8h7 33.Rf1 Ng5 34.h4 Ngh7 35.Rf2 Nh5 36.g4 N5f6 37.Rg2 g6
38.Nf1 Kg7 39.Ne3 Ng8 40.Rh2 Ra2 41.Nc1 R2a3 42.Ne2 Bc8 43.Ng3 Kf8 44.Ne2 Ke8
45.Kg2 Bd7 46.Rhh1 Ra2 47.Nc1 R2a3 48.Ne2 Nf8 49.Ng3 Ra2 50.Ne2 R8a7 51.Nc1 R2a3
52.Ne2 Bc8 53.Nd1 Nd7 54.Qc1 Ra2 55.Bd2 Rb7 56.h5 Nf8 57.Ndc3 Raa7 58.Qb2 Bd7
59.Ng3 g5 60.Nd1 Qd8 61.Ne3 Ne7 62.Ra1 Qa8 63.Rhc1 Rxa1 64.Rxa1 Ra7 65.Rxa7 Qxa7
66.Kf2 f6 67.Ke2 Kf7 68.Bc3 Kg8 69.Ngf1 Nc8 70.Ng3 Ne7 71.Ngf1 Bc8 72.Bb1 Nd7
73.Qa2 Qxa2+ 74.Bxa2 Nb8 75.Bb1 Na6 76.Nc2 Bd7 77.Ng3 Nc8 78.Nf1 Nb6 79.Nfe3 Na4
80.Kd2 Kf8 81.Ba2 Ke7 82.Bb1 Nxc3 83.Kxc3 Bb8 84.Kd2 Ba7 85.Nd1 Bd4 86.Nc3 Kd6
87.Ba2 Nc7 88.Ne3 Bxe3+ 89.Kxe3 Na6 90.Bb1 Nxb4  0-1

[Event "Bundesliga 8586"]
[Site "Germany"]
[Date "1986.??.??"]
[Round "?"]
[White "Goehring, Karl Heinz"]
[Black "Eppinger, Georg"]
[Result "1/2-1/2"]
[WhiteElo "2355"]
[BlackElo "2335"]

1.d4 d5 2.c4 c6 3.Nc3 Nf6 4.e3 e6 5.Nf3 Nbd7 6.Bd3 Bd6 7.e4 dxe4 8.Nxe4 Nxe4
9.Bxe4 e5 10.O-O exd4 11.Qxd4 Nf6 12.Bg5 Be7 13.Qe5 Be6 14.Rfd1 Qb8 15.Qxb8+ Rxb8
16.Bd3  1/2-1/2